Statistiques concernant Quel mot n'est pas dans la chanson?

Cliquez ici pour prendre le quiz!

Statistiques générales

  • Ce quiz a été pris 22 fois
  • Le résultat moyen est 3 sur 10

Statistiques - réponses

QuestionRéponse% Correct
J'avais juste envie d'écrire - DamsoStop
43%
Freestyle du sale - LorenzoBeuh
38%
Exist for love - AuroraLover
33%
Qu'ils ont de la chance - DisizTristesse
33%
Logiciel Triste - LaylowChanson
29%
Exit Music (For a film) - RadioheadSled
29%
Helsinki - DinosTriste
24%
Galatée - NekfeuAppart
19%
Razorlight - BekarAvenir
19%
Voyage de nuit - KakyCinéma
14%

Distribution des résultats

Percentile par nombre de réponses

% des personnes avec chaque résultat

Votre développement - résultats

Vous n’avez pas pris ce quiz